El doble / (Record no. 57816)
[ view plain ]
| 000 -LEADER | |
|---|---|
| campo de control de longitud fija | 00537nam a2200181 i 4500 |
| 001 - NÚMERO DE CONTROL | |
| campo de control | 57816 |
| 003 - IDENTIFICADOR DE NÚMERO DE CONTROL | |
| campo de control | ES-MaACL |
| 005 - FECHA Y HORA DE LA ÚLTIMA TRANSACCIÓN | |
| campo de control | 20251019063042.0 |
| 007 - CAMPO FIJO DE DESCRIPCIÓN FÍSICA--INFORMACIÓN GENERAL | |
| campo de control de longitud fija | t| |
| 008 - DATOS DE LONGITUD FIJA--INFORMACIÓN GENERAL | |
| campo de control de longitud fija | 031017q1952 sp ||||1| spa d |
| 100 1# - ENTRADA PRINCIPAL--NOMBRE DE PERSONA | |
| Nombre de persona | Dostoievski, Fiódor, |
| Fechas asociadas al nombre | 1821-1881 |
| 9 (RLIN) | 242371 |
| 245 13 - MENCIÓN DEL TÍTULO | |
| Título | El doble / |
| Mención de responsabilidad, etc. | Fedor Dostoyewski ; traducción española J.Z. Barragan. |
| 260 ## - PUBLICACIÓN, DISTRIBUCIÓN, ETC. | |
| Lugar de publicación, distribución, etc. | Barcelona : |
| Nombre del editor, distribuidor, etc. | Maucci, |
| Fecha de publicación, distribución, etc. | 1952? |
| 300 ## - DESCRIPCIÓN FÍSICA | |
| Extensión | 159 p. ; |
| Dimensiones | 18 cm. |
| 700 1# - ENTRADA AGREGADA--NOMBRE PERSONAL | |
| Nombre de persona | Barragán, J. Z. |
| 9 (RLIN) | 25824 |
| 852 ## - LOCALIZACIÓN | |
| Ubicación | ES-MaACL |
| Número de control de estantería | C-8465 |
| Sublocalización o colección | R.33294 |
| Estatus retirado | Estado de pérdida | Estado de daño | No para préstamo | Biblioteca de origen | Biblioteca actual | Ubicación en estantería | Fecha de adquisición | Fuente de adquisición | Total de préstamos | Signatura topográfica completa | Código de barras | Visto por última vez | Precio de reemplazo | Tipo de ítem Koha |
|---|---|---|---|---|---|---|---|---|---|---|---|---|---|---|
| Biblioteca del Ateneo de Madrid | Biblioteca del Ateneo de Madrid | Sala Palomar | 17/01/2008 | C-8465 | 1060685 | 23/02/2023 | 23/02/2023 | Libro impreso |
